Ants Biology Quiz (easy) - Statistics

General Stats
  • This quiz has been taken 168 times
  • The average score is 7 of 8
Answer Stats
Question Answer % Correct
What is the definition of the word polygynous in myrmecology? An ant colony that allows more than one queen
88%
Which of the following is the scientific name of the genus ants commonly known as "Carpenter ants" Camponotus
88%
Why are fire ants called fire ants? Their stings are as painful as fire (apparently)
88%
Which of the following ants are completely vegetarian? Turtle ants (Cephalotes)
88%
What is the definition of Gamergates in myrmecology? Worker ants that can lay fertile eggs
88%
why do leaf cutter ants cut leaves? They use the leaves to grow fungus in which they eat
75%
Do ants posses chemical weapons Yes, they spray acid our of their abdomens.
75%
Do carpenter ants ants eat wood? No, they only carve their tunnels out of it
63%
No matching quizzes found
Score Distribution
Percent of People with Each Score
Percentile by Number Answered
Your Score History
You have not taken this quiz